Coaching inteligente : (Registro nro. 5769)
[ vista simple ]
| 000 -LEADER | |
|---|---|
| fixed length control field | 01363nam a2200241Ia 4500 |
| 003 - CONTROL NUMBER IDENTIFIER | |
| control field | OSt |
| 005 - DATE AND TIME OF LATEST TRANSACTION | |
| control field | 20201028185001.0 |
| 008 - FIXED-LENGTH DATA ELEMENTS--GENERAL INFORMATION | |
| fixed length control field | 191128s2013 sp a gr 000 0 spa d |
| 020 ## - INTERNATIONAL STANDARD BOOK NUMBER | |
| International Standard Book Number | 9788473569750 |
| 040 ## - CATALOGING SOURCE | |
| Original cataloging agency | CO-JMCR |
| Transcribing agency | CO-JMCR |
| 041 0# - LANGUAGE CODE | |
| Language code of text/sound track or separate title | spa |
| 082 04 - DEWEY DECIMAL CLASSIFICATION NUMBER | |
| Classification number | 658.4092 / |
| Item number | G141c |
| Edition number | 23 |
| 100 1# - MAIN ENTRY--PERSONAL NAME | |
| Personal name | Galán, Francisco Javier, |
| Relator term | autor |
| 9 (RLIN) | 12126 |
| 245 10 - TITLE STATEMENT | |
| Title | Coaching inteligente : |
| Remainder of title | método A.C.C.I.O.N. / |
| Statement of responsibility, etc. | Francisco Javier Galán |
| 260 ## - PUBLICATION, DISTRIBUTION, ETC. | |
| Place of publication, distribution, etc. | Madrid : |
| Name of publisher, distributor, etc. | ESIC Editorial, |
| Date of publication, distribution, etc. | 2013 |
| 300 ## - PHYSICAL DESCRIPTION | |
| Extent | 180 páginas : |
| Other physical details | ilustraciones ; |
| Dimensions | 21 cm. |
| 505 0# - FORMATTED CONTENTS NOTE | |
| Formatted contents note | ¿Qué conseguirás? -- Calidad de vida -- Todo tiene un P.V.P. “Tú eliges” -- La 7 parálisis -- El método -- Método A.C.C.I.O.N. -- Actuar en las hojas de tu árbol -- Concreta tu M.V. -- Concreta tus objetivos -- Inicia tu P.A.I. -- Organiza tus indicadores de resultados -- Nivela tus actividades y prioridades -- Tu desafío personal -- Alguna ayuda extra |
| 520 3# - SUMMARY, ETC. | |
| Summary, etc. | Este libro tiene dos partes claramente diferenciadas y con objetivos distintos: en la primera se centra en el concepto calidad de vida, basado en cuatro simples sugerencias: vivir donde quieres, comer lo que quieres, trabajar en lo que quieres y estar con |
| 650 14 - SUBJECT ADDED ENTRY--TOPICAL TERM | |
| Topical term or geographic name entry element | Recursos humanos |
| 9 (RLIN) | 5700 |
| 650 14 - SUBJECT ADDED ENTRY--TOPICAL TERM | |
| Topical term or geographic name entry element | Recursos humanos |
| General subdivision | motivación del empleado |
| 9 (RLIN) | 12127 |
| 650 14 - SUBJECT ADDED ENTRY--TOPICAL TERM | |
| Topical term or geographic name entry element | Administración de personal |
| 9 (RLIN) | 1610 |
| 942 ## - ADDED ENTRY ELEMENTS (KOHA) | |
| Source of classification or shelving scheme | Dewey Decimal Classification |
| Koha item type | Books |
| Withdrawn status | Lost status | Source of classification or shelving scheme | Damaged status | Not for loan | Collection code | Home library | Current library | Date acquired | Source of acquisition | Total Checkouts | Full call number | Barcode | Date last seen | Date last checked out | Copy number | Koha item type |
|---|---|---|---|---|---|---|---|---|---|---|---|---|---|---|---|---|
| Dewey Decimal Classification | Non-fiction | Biblioteca Pública José María del Castillo y Rada | Biblioteca Pública José María del Castillo y Rada | 04/15/2018 | Donación | 2 | 658 .4092 / G141c | 430005084 | 09/23/2025 | 09/23/2025 | Ej.1 | Books |